Pragmatic version control with CVS /

Bibliografiske detaljer
Hovedforfatter: Thomas, David, 1956-
Andre forfattere: Hunt, Andrew, 1964-
Format: Bog
Sprog:English
Udgivet: Raleigh, NC : Pragmatic Bookshelf, c2003.
Serier:Pragmatic starter kit series ; v. 1
Fag:
Classic Catalogue: View this record in Classic Catalogue
LEADER 01353nam a2200301 a 4500
001 0020438
003 BD-DhAAL
008 100610s2003 ncua b 001 0 eng d
010 |a \\2004557362 
020 |a 0974514004 (pbk : alk. paper) 
040 |a DLC  |c DLC  |d DLC  |d BD-DhAAL 
082 0 0 |a 005.1  |2 22 
100 1 |a Thomas, David,  |d 1956-  |9 58989 
245 1 0 |a Pragmatic version control with CVS /  |c Dave Thomas, Andy Hunt. 
246 1 4 |a Pragmatic version control using CVS 
260 |a Raleigh, NC :  |b Pragmatic Bookshelf,  |c c2003. 
300 |a xiv, 159 :  |b ill. ;  |c 23 cm 
490 0 |a Pragmatic starter kit series ;  |v v. 1 
500 |a "The Pragmatic Programmers"--Cover. 
504 |a Includes bibliographical references (p. 149-151) and index. 
541 1 |e 00020438  |a Trim Education 
650 0 |a Computer software  |x Development. 
700 1 |a Hunt, Andrew,  |d 1964-  |9 58990 
852 4 |a Ayesha Abed Library  |c General Stacks 
942 |2 ddc  |c BK 
999 |c 8891  |d 8891 
952 |0 0  |1 0  |2 ddc  |4 0  |6 005_100000000000000_THO_2003  |7 0  |9 10872  |a BRACUL  |b BRACUL  |c GEN  |d 2010-06-10  |e Trim Education  |g 2650.00  |l 2  |o 005.1 THO  |p 3010020438  |r 2025-11-03  |s 2025-10-27  |t 1  |v 5300.00  |w 2010-06-10  |y BK 
952 |0 0  |1 0  |2 ddc  |4 0  |6 005_100000000000000_THO_2003  |7 0  |9 10873  |a BRACUL  |b BRACUL  |c GEN  |d 2010-06-10  |e Trim Education  |g 2650.00  |l 0  |o 005.1 THO  |p 3010020439  |r 2010-06-10  |t 2  |v 5300.00  |w 2010-06-10  |y BK